|
|
|
|
| LEADER |
00000nab a2200000 a 4500 |
| 001 |
vtls000487878 |
| 003 |
SK-MaSNL |
| 005 |
20260303004247.0 |
| 008 |
120927c1993 xo 0 slo |
| 015 |
|
|
|a SNBRB19rr/mm-uuuuu
|
| 035 |
|
|
|a CL0488015
|
| 040 |
|
|
|a SNKBUCL
|b slo
|c SNKBUCL
|e AACR2
|
| 041 |
0 |
|
|a slo
|
| 044 |
|
|
|a xo
|c SK
|
| 080 |
|
|
|a 282(437.6):061.3:342.311
|2 1981
|
| 080 |
|
|
|a 342.311
|2 1981
|
| 245 |
0 |
0 |
|a Prezident SR s predstaviteľmi biskupov
|
| 610 |
2 |
7 |
|a Katolícka cirkev.
|b Konferencia biskupov Slovenska
|2 snkbucl
|9 118261
|
| 655 |
|
7 |
|a články z novín a časopisov
|2 snkbucl
|9 267496
|
| 700 |
1 |
|
|a Kováč, Michal
|4 aut
|9 265919
|
| 773 |
0 |
|
|t Republika
|g Roč. 1, č. 88 (16. 7. 1993), s. 2
|
| 850 |
|
|
|a Slovenská národná knižnica v Martine
|a MTA001
|
| 852 |
|
|
|a SNK
|b KIS3GCP
|
| 958 |
|
|
|a RK
|
| 992 |
|
|
|a RBX
|
| 999 |
|
|
|c 1576835
|d 1578765
|